00437cam a2200157 a 4500020002200000020002900022020003000051040000800081082002600089245004900115250001700164260003700181300002700218650001500245700001900260 a0393963462 (v. 1) a0393963489 (pbk. : v. 2) a0393963470 (cloth : v. 2) cDLC00a808 WWN 1995 A092 Or.04aThe Norton anthology of world masterpieces / aExpanded ed. aNew York :bW.W. Norton,cc1995. a2 v. :bill. ;c24 cm. 0aLiterature1 aMack, Maynard,